[Event "GER-chT U18 Girls"]
[Site "Karlsruhe"]
[Date "2015.05.08"]
[Round "1.2"]
[White "Garbere, Diana"]
[Black "Bohdjalian, Roxanne"]
[Result "1-0"]
[WhiteElo "1162"]
[BlackElo "1117"]
[PlyCount "95"]
[EventDate "2015.05.07"]
[EventType "team-swiss"]
[EventRounds "7"]
[EventCountry "GER"]
[SourceTitle "EXT 2017"]
[Source "ChessBase"]
[SourceDate "2016.10.25"]
[SourceVersion "1"]
[SourceVersionDate "2016.10.25"]
[SourceQuality "1"]
[WhiteTeam "Hamburg CPG (W)"]
[BlackTeam "Voelklingen Warndt (W)"]
[WhiteTeamCountry "GER"]
[BlackTeamCountry "GER"]

1. e4 e6 2. d4 d5 3. exd5 exd5 4. Bd3 c5 5. Nf3 Nf6 6. h3 Nc6 7. Bb5 Bd7 8. 0-0 Be7 9. Nc3 0-0 10. Bxc6 Bxc6 11. Bg5 Qd6 12. Re1 Rfe8 13. Ne5 Ne4 14. Bxe7 Rxe7 15. Nxc6 bxc6 16. Nxe4 Rxe4 17. dxc5 Rxe1+ 18. Qxe1 Qxc5 19. c3 h6 20. Rd1 Rb8 21. b4 Qc4 22. a3 c5 23. Qe5 Rd8 24. Qc7 Re8 25. Qxc5 Qxc5 26. bxc5 Rc8 27. Rxd5 Kf8 28. Kf1 Ke7 29. Ke2 Ke6 30. c4 Rc7 31. Kd3 a6 32. Kd4 f6 33. f4 g6 34. g4 f5 35. Re5+ Kf6 36. Kd5 Rc8 37. Re6+ Kf7 38. c6 Rd8+ 39. Rd6 Ke7 40. Rxd8 Kxd8 41. gxf5 gxf5 42. Ke5 Kc7 43. Kxf5 Kxc6 44. Ke6 Kc5 45. f5 Kxc4 46. f6 h5 47. f7 a5 48. f8Q 1-0